| 000 | 00930nam a2200265 a 4500 | ||
|---|---|---|---|
| 001 | 60420 | ||
| 003 | BD-RjUL | ||
| 005 | 20211209080834.0 | ||
| 008 | 161231s1988 sw b 100 0 eng d | ||
| 020 | _a8250810112 | ||
| 035 | _a(BD-RjUL)60544 | ||
| 040 |
_aDLC _beng _cDLC _dLC _dANL _dBD-RjUL |
||
| 041 | _aeng | ||
| 082 | 0 | 0 |
_a374.4 _223 _bSED 1988 |
| 100 | 1 |
_aSewart, David _9179734 |
|
| 245 | 1 | 0 |
_aDeveloping distance education : _bpapers submitted to the 14th World Conference in Oslo 9-16 August 1988 / _cDavid Sewart, John S. Daniel. |
| 260 |
_aOslo : _bInternational Council for Distance Education, _cc1988. |
||
| 300 |
_a458 p. ; _c30 cm. |
||
| 504 | _aIncludes bibliographical references. | ||
| 650 | 0 |
_aDistance education _vCongresses. _9179810 |
|
| 700 | 1 |
_aDaniel, John S., _d1942- _9179811 |
|
| 700 | 1 |
_aSewart, David. _9179734 |
|
| 710 | 2 |
_aInternational Council for Distance Education. _9179812 |
|
| 942 |
_2ddc _cBK |
||
| 999 |
_c60420 _d60420 |
||